| 000 | 00409nam a2200169Ia 4500 | ||
|---|---|---|---|
| 008 | 230524s9999 xx 000 0 und d | ||
| 020 | _a9780198072393 | ||
| 082 |
_a910.285 _bBHA |
||
| 100 |
_aBasudeb Bhatta _940712 |
||
| 245 | 0 | _aRemote Sensing and Gis | |
| 250 | _a2 | ||
| 260 |
_aNew Delhi _bOxford _c2014 |
||
| 300 | _a"XXIII,705p;" | ||
| 500 | _aQuantity Number: 1 | ||
| 650 | _aCivil | ||
| 942 | _cBK | ||
| 999 |
_c55096 _d55096 |
||